Ngôn ngữ báo chí cơ bản

Enregistré dans:
Détails bibliographiques
Format: Livre
Tags: Ajouter un tag
Pas de tags, Soyez le premier à ajouter un tag!
Thư viện lưu trữ: Mạng thư viện Đại học Đà Nẵng
LEADER 00406nam a22001691a 4500
001 000036976
003 13271
005 20160412014952.0
008 160412s0 000
082 |a 4H(07)511-13 
245 |a Ngôn ngữ báo chí cơ bản 
OWN |a LNN 
999 |a From the UDN01 
TYP |a Monograph 
980 |a Mạng thư viện Đại học Đà Nẵng